Loading...
| Religion | 1 | 5 | 0 | 0 | 65 | 82 | 129.33 | 0 | 1 | 6.38 | 25.64 |
| Fine Arts - Painting and Sculpture | 1 | 4 | 0 | 1 | 55 | 77 | 123.40 | 1 | 3 | 6.79 | 28.94 |
| Social Science | 1 | 4 | 0 | 0 | 55 | 45 | 93.20 | 1 | 2 | 13.26 | 24.23 |
| Literature - British | 0 | 4 | 0 | 2 | 40 | 116 | 143.75 | 0 | 0 | 2.27 | 9.10 |
| History - European | 0 | 4 | 0 | 2 | 40 | 105 | 125.00 | 0 | 1 | 4.53 | 13.92 |
| Other Academic | 0 | 3 | 0 | 0 | 30 | 90 | 122.67 | 0 | 1 | 6.06 | 15.24 |
| Literature - European | 0 | 3 | 0 | 0 | 30 | 96 | 115.67 | 1 | 2 | 5.58 | 19.23 |
| Mythology | 0 | 3 | 0 | 0 | 30 | 93 | 112.00 | 0 | 1 | 12.76 | 34.68 |
| Literature - American | 1 | 1 | 0 | 0 | 25 | 52 | 97.50 | 1 | 1 | 6.08 | 11.24 |
| Philosophy | 0 | 2 | 0 | 0 | 20 | 106 | 116.00 | 0 | 2 | 3.38 | 12.43 |
| History - Other | 0 | 2 | 1 | 2 | 15 | 149 | 149.00 | 0 | 1 | 0.10 | 6.59 |
| Geography | 0 | 1 | 0 | 1 | 10 | 149 | 149.00 | 0 | 0 | 0.17 | 6.25 |
| History - American | 0 | 1 | 0 | 0 | 10 | 123 | 123.00 | 0 | 0 | 0.93 | 4.14 |
| Science - Physics | 0 | 1 | 0 | 0 | 10 | 124 | 124.00 | 0 | 0 | 0.07 | 2.42 |
| Other Science (Engineering) | 0 | 0 | 0 | 0 | 0 | 0.00 | 0 | 0 | 0.00 | 0.00 | |
| Other Culture | 0 | 0 | 0 | 0 | 0 | 0.00 | 0 | 0 | 0.00 | 0.00 | |
| Science - Biology | 0 | 1 | 2 | 0 | 0 | 129 | 129.00 | 0 | 1 | 0.40 | 6.67 |
| Literature - World | 0 | 0 | 1 | 0 | -5 | 0.00 | 0 | 0 | 0.00 | 0.00 | |
| History - World | 0 | 0 | 3 | 0 | -15 | 0.00 | 0 | 0 | 0.00 | 0.00 |